| 000 | 01765cem a2200361 a 4500 | ||
|---|---|---|---|
| 001 | 14707317 | ||
| 005 | 20230731124753.0 | ||
| 007 | ad canzn | ||
| 008 | 070123s2007 dcu e 1 eng | ||
| 010 |
_a 2007061601 _z 2007061196 _z 2006038467 |
||
| 016 | 7 |
_a013834158 _2Uk |
|
| 020 | _a9781426201387 (alk. paper) | ||
| 034 | 0 | _aa | |
| 035 |
_a(OCoLC)80871649 _z(OCoLC)170038545 _z(OCoLC)182520478 |
||
| 035 | _a(OCoLC)ocm80871649 | ||
| 040 |
_aDLC _cDLC _dBAKER _dBTCTA _dYDXCP _dC#P _dIXA _dZPJ _dVP@ _dUKM _dBWX _dDLC |
||
| 050 | 0 | 0 | _aG 2230 .I8 2007 |
| 052 | _a7480 | ||
| 082 | 0 | 0 |
_a220.9/10223 _222 |
| 100 | 1 | _aIsbouts, Jean-Pierre. | |
| 245 | 1 | 4 |
_aThe biblical world : _ban illustrated atlas / _cby Jean-Pierre Isbouts ; foreword by Bruce Chilton. |
| 255 | _aScales differ. | ||
| 260 |
_aWashington, D.C. : _bNational Geographic, _cc2007. |
||
| 300 |
_a1 atlas (367 p.) : _bcol. ill., col. maps ; _c29 cm. |
||
| 504 | _aIncludes bibliographical references (p. 354-355) and index. | ||
| 505 | 0 | _aThe world before Abraham -- The journey of Abraham -- Joseph in Egypt -- The exodus -- The settlement in Canaan -- Kingdom of David and Solomon -- The fall of the two kingdoms -- From exile to restoration -- The world of Jesus -- Early Christianity and rabbinic Judaism -- Three faiths in the Holy Land. | |
| 630 | 0 | 0 |
_aBible _xGeography _vMaps. |
| 630 | 0 | 0 |
_aBible _xHistory of Biblical events _vMaps. |
| 710 | 2 | _aNational Geographic Society (U.S.) | |
| 906 |
_a7 _bcbc _corignew _d1 _eocip _f20 _gy-geogmaps |
||
| 942 |
_2lcc _cBOOKS _hG 2230 .I8 2007 |
||
| 999 |
_c31797 _d31797 |
||